| 000 | 00521nam a2200157Ia 4500 | ||
|---|---|---|---|
| 008 | 210428s9999 xx 000 0 und d | ||
| 020 | _a1-56347-018-7 | ||
| 082 | _a660.04 A498 A | ||
| 100 |
_aHerman Branover _952203 |
||
| 245 | 0 |
_aAdvances in Turbulence Studies / _cHerman Branover |
|
| 260 |
_bAmerican Institute of Aeronautics and Astronautics _aWashington, DC _c1993 |
||
| 300 | _a352p | ||
| 440 |
_aProgress in astronautics and aeronautics V-149 _9127144 |
||
| 700 |
_aYeshajahu Unger _9127145 |
||
| 942 |
_cBK _2ddc |
||
| 999 |
_c559971 _d559971 |
||